000 00290 a2200157 4500
001 165485
020 _a
040 _cMagnum
100 _aMurray, Roseana
240 1 0 _aPaisagens
_lpor
245 1 0 _aPaisagens
362 0 _a1899
440 1 _aLĂȘ
697 _aJ/GERAL
942 _cBK
999 _c165485
_d165485